Business strategy and policy / (Record no. 3166)

000 -LEADER
fixed length control field nam a22 a 4500
003 - CONTROL NUMBER IDENTIFIER
control field AKMAL
005 - DATE AND TIME OF LATEST TRANSACTION
control field 20170519160041.0
008 - FIXED-LENGTH DATA ELEMENTS--GENERAL INFORMATION
fixed length control field 170519t1985 us a e abi 001 0 eng d
020 ## - INTERNATIONAL STANDARD BOOK NUMBER
International Standard Book Number 0395357187
040 ## - CATALOGING SOURCE
Original cataloging agency AKMAL
082 00 - DEWEY DECIMAL CLASSIFICATION NUMBER
Classification number 658.4 SMI
Edition number 19
090 00 - LOCALLY ASSIGNED LC-TYPE CALL NUMBER (OCLC); LOCAL CALL NUMBER (RLIN)
Classification number (OCLC) (R) ; Classification number, CALL (RLIN) (NR) 658.4
Local cutter number (OCLC) ; Book number/undivided call number, CALL (RLIN) SMI
100 1# - MAIN ENTRY--PERSONAL NAME
Personal name Smith, Garry D.,
Dates associated with a name 1948-
9 (RLIN) 6528
245 10 - TITLE STATEMENT
Title Business strategy and policy /
Statement of responsibility, etc. Garry D. Smith, Danny R. Arnold, Bobby G. Bizzell
260 ## - PUBLICATION, DISTRIBUTION, ETC.
Place of publication, distribution, etc. Boston :
Name of publisher, distributor, etc. Houghton Mifflin ,
Date of publication, distribution, etc. c1985
300 ## - PHYSICAL DESCRIPTION
Extent xvi, 864 p. :
Other physical details ill. ;
Dimensions 25 cm.
504 ## - BIBLIOGRAPHY, ETC. NOTE
Bibliography, etc. note Includes bibliographical references and index
650 #0 - SUBJECT ADDED ENTRY--TOPICAL TERM
Topical term or geographic name entry element Corporate planning
9 (RLIN) 6529
650 #0 - SUBJECT ADDED ENTRY--TOPICAL TERM
Topical term or geographic name entry element Corporate planning
General subdivision Case studies
9 (RLIN) 6530
650 #0 - SUBJECT ADDED ENTRY--TOPICAL TERM
Topical term or geographic name entry element Industrial management
9 (RLIN) 2203
700 1# - ADDED ENTRY--PERSONAL NAME
Personal name Arnold, Danny R.,
Dates associated with a name 1948-
9 (RLIN) 6531
700 1# - ADDED ENTRY--PERSONAL NAME
Personal name Bizzell, Bobby G.
9 (RLIN) 6532
942 ## - ADDED ENTRY ELEMENTS (KOHA)
Source of classification or shelving scheme
Koha item type Book
Holdings
Withdrawn status Lost status Source of classification or shelving scheme Damaged status Not for loan Collection code Home library Current library Shelving location Date acquired Inventory number Total Checkouts Full call number Barcode Date last seen Price effective from Koha item type
          NON-FICTION AKMAL Melaka AKMAL Melaka PINJAMAN 19.05.2017 600329   658.4 SMI 201704232 19.05.2017 19.05.2017 Book
Pusat Sumber Maklumat Dato' Haji Sarmin Md Hussin, Akademi Kastam Diraja Malaysia, Melaka
Tel: 06-2331106 | Faks: 06-2313787